| 000 | 00440nam a2200181Ia 4500 | ||
|---|---|---|---|
| 001 | 9583 | ||
| 005 | 20260306161729.0 | ||
| 008 | 260306t2013||||xx |||||||||||||| ||spa|| | ||
| 041 | _aESP | ||
| 082 |
_a382.1 _bS52 |
||
| 100 |
_aSierralta Ríos, Aníbal _eAUT |
||
| 245 | 0 | _aNegociaciones comerciales internacionales | |
| 260 | _c2013 | ||
| 300 |
_a600 páginas : _c24 cm. |
||
| 650 | _aGEN | ||
| 654 | _aCAN | ||
| 942 |
_cLIB _dJUS _fJUS _2ddc _n |
||
| 999 |
_c9583 _d9583 |
||